De la revolution economique & monetaire qui eut lieu a Rome au milieu du IIIe siecle avant l'ere chretienne : et de la classification generale de la societe romaine avant et apres la premiere guerre punique.

Bibliographic Details
Main Author: Belot, Emile Joseph, 1829-1886
Format: Book
Language:French
Published: Paris : E. Lerou, 1885.
Subjects:

MARC

Tag First Indicator Second Indicator Subfields
LEADER 00000cam a2200000 4500
001 in00000056927
005 20151008050925.0
008 800503s1885 fr 00000 fre d
035 |a (OCoLC)06276408 
035 |9 AAG4334AM 
040 |a TXA  |c TXA  |d UtOrBLW 
049 |a TXAM  |c [197804] 
090 |a HC39  |b .B45 1885 
092 |a 330.937  |b B452r 
100 1 |a Belot, Emile Joseph,  |d 1829-1886. 
245 1 0 |a De la revolution economique & monetaire qui eut lieu a Rome au milieu du IIIe siecle avant l'ere chretienne :  |b et de la classification generale de la societe romaine avant et apres la premiere guerre punique. 
264 1 |a Paris :  |b E. Lerou,  |c 1885. 
300 |a 2 pages ., 143 pages 
336 |a text  |b txt  |2 rdacontent 
337 |a unmediated  |b n  |2 rdamedia 
338 |a volume  |b nc  |2 rdacarrier 
651 0 |a Rome  |x Economic conditions. 
651 0 |a Rome  |x History  |y Republic, 265-30 B.C. 
999 |a MARS 
999 f f |s c675aa5d-90c2-3054-ad7e-ff68b65f4ada  |i 33dd843a-899a-3e48-8637-cc9a48d1efbc  |t 0 
952 f f |p ric  |a Texas A&M University  |b Rellis Campus  |c Joint Library Facility  |d Remote Storage  |t 0  |e HC39 .B45 1885  |h Library of Congress classification  |i unmediated -- volume  |m A14800699830 
998 f f |a HC39 .B45 1885  |t 0  |l Remote Storage